000 01034nam a22002177a 4500
999 _c1752
_d1752
003 AR-CdUCM
008 190227b ||||| |||| 00| 0 spa d
040 _aMUNICIPALIDAD PROVINCIAL DEL CUSCO
_cBIBLIOTECA MUNICIPAL DEL CUSCO
082 _a307.66 /
_bC18
100 _aCalvo C., Rossano
_95422
245 _aGénesis del regionalismo y localismo cusqueño /
260 _aCusco :
_bMunicipalidad de Wanchaq,
_c1998.
300 _a91 páginas ;
_bFotografás
_c20 cm.
505 _aEl serrano esta terriblemente exacerbado -- Localismo, tradición y proyectos endogenos en el Cusco aldeano (1900-1955) -- Angel Vega Enriquez, la producción del discurso de la tradición local y del regionalismo cusqueño -- Jose Uriel García y los fundamentos de la crítica a la tradición -- El tradicionalismo modernizante del Cusco aldeano ...
650 _aRegionalismo
_95410
650 _aTradicion local
_96441
650 _aTradición
_92713
700 _aAmado Gonzalez, Donato
_96442
942 _2ddc
_cLIBROS
945 _aafb
_d2019-02-27